00648nam a2200205Ia 450000500170000000800410001702000100005804000190006804100120008708200160009910000180011524500760013326000380020930000120024765000340025985000100029394200070030399900170031095201150032720221213112412.0131103s9999 xx 000 0 und d cRs.15 aLoreto College aEnglish a812.52bMIL aMiller,Arthur aArthur Miller's collected playsb with an introduction cArthur Miller aBombaybAllied Publishingcc 1973 a439 p.  aAmerican Drama - 20th Century aLCLIB cBK c11821d62300 00102ddc4070aMAINbMAINd2013-11-04l5o812.52 MIL 25712pB11729r2023-10-11s2023-10-04w2013-11-04yBKf